[Event "Weymouth Major op"]
[Site "Weymouth"]
[Date "2008.10.26"]
[Round "4"]
[White "House, Keith C"]
[Black "O'Gorman, Brendan"]
[Result "0-1"]
[WhiteElo "1800"]
[BlackElo "1760"]
[PlyCount "100"]
[EventDate "2008.10.24"]
[EventType "swiss"]
[EventRounds "5"]
[EventCountry "ENG"]
[SourceTitle "EXT 2011"]
[Source "ChessBase"]
[SourceDate "2010.11.26"]
[SourceVersion "1"]
[SourceVersionDate "2010.11.26"]
[SourceQuality "1"]

1. d4 d5 2. Nf3 Nf6 3. e3 c5 4. c3 Qc7 5. Bd3 g6 6. Nbd2 Nbd7 7. 0-0 Bg7 8. Re1 0-0 9. e4 cxd4 10. Nxd4 Nc5 11. Bc2 Ng4 12. N4f3 dxe4 13. Nxe4 Bf5 14. Qe2 Nxe4 15. Bxe4 Be6 16. Bg5 Bc4 17. Qc2 Nf6 18. h4 Nxe4 19. Qxe4 e6 20. Bf4 Qc8 21. Be5 Bd5 22. Qd4 f6 23. Bg3 Qc6 24. Qe3 e5 25. Kh2 h5 26. Nd2 Kh7 27. Ne4 Bxe4 28. Qxe4 Qxe4 29. Rxe4 f5 30. Rxe5 f4 31. Re7 fxg3+ 32. Kxg3 Kg8 33. Rae1 Rf7 34. Rxf7 Kxf7 35. Kf3 Rd8 36. Re2 Rd5 37. g3 Bh6 38. c4 Rd3+ 39. Ke4 Rd7 40. Kf3 Kf6 41. b3 Kf5 42. Re8 Rd3+ 43. Kg2 Rd7 44. Kf3 Bg7 45. Re2 Rd3+ 46. Kg2 Be5 47. Kh3 Bd6 48. Kg2 Bb4 49. Rc2 Rd2 50. Rxd2 Bxd2 0-1

[Event "Weymouth Major op"]
[Site "Weymouth"]
[Date "2008.10.25"]
[Round "3"]
[White "Pittman, Frank"]
[Black "House, Keith C"]
[Result "0-1"]
[WhiteElo "1712"]
[BlackElo "1800"]
[PlyCount "104"]
[EventDate "2008.10.24"]
[EventType "swiss"]
[EventRounds "5"]
[EventCountry "ENG"]
[SourceTitle "EXT 2011"]
[Source "ChessBase"]
[SourceDate "2010.11.26"]
[SourceVersion "1"]
[SourceVersionDate "2010.11.26"]
[SourceQuality "1"]

1. d4 e6 2. Nc3 b6 3. e4 Bb7 4. Bd3 Nf6 5. Bf4 Bb4 6. f3 0-0 7. a3 Be7 8. Qd2 d5 9. exd5 Bxd5 10. Nge2 Bb7 11. 0-0-0 Nbd7 12. Ng3 c5 13. dxc5 Nxc5 14. Bc4 Qxd2+ 15. Rxd2 a6 16. b4 Ncd7 17. Nge4 Rfc8 18. Bb3 a5 19. Bd6 axb4 20. axb4 Bxd6 21. Rxd6 Rc6 22. Rhd1 Nxe4 23. Nxe4 Ne5 24. b5 Rxd6 25. Rxd6 Bxe4 26. fxe4 Rb8 27. Kd2 Kf8 28. Kc3 Ke7 29. Rd4 Rc8+ 30. Kb4 Rc7 31. c3 Rd7 32. Bd1 Nd3+ 33. Ka3 Ra7+ 34. Kb3 Nc5+ 35. Kb2 Rd7 36. Bf3 Nd3+ 37. Kb3 Ne1 38. Rc4 Kf6 39. Rc6 Nxf3 40. gxf3 Rb7 41. f4 g5 42. fxg5+ Kxg5 43. c4 Kf4 44. c5 bxc5 45. Rxc5 Kxe4 46. Kb4 f5 47. Ka5 f4 48. Ka6 Rb8 49. Rc7 Rf8 50. b6 f3 51. b7 f2 52. Rc1 f1Q+ 0-1

[Event "Weymouth Major op"]
[Site "Weymouth"]
[Date "2008.10.24"]
[Round "1"]
[White "Jackson, Paul G"]
[Black "House, Keith C"]
[Result "1-0"]
[WhiteElo "1736"]
[BlackElo "1800"]
[PlyCount "49"]
[EventDate "2008.10.24"]
[EventType "swiss"]
[EventRounds "5"]
[EventCountry "ENG"]
[SourceTitle "EXT 2011"]
[Source "ChessBase"]
[SourceDate "2010.11.26"]
[SourceVersion "1"]
[SourceVersionDate "2010.11.26"]
[SourceQuality "1"]

1. d4 e6 2. e4 b6 3. Nf3 Bb7 4. Bd3 Nf6 5. Qe2 c5 6. c3 d5 7. e5 Nfd7 8. 0-0 Be7 9. Nbd2 Nc6 10. Re1 0-0 11. Nf1 Rc8 12. Bf4 c4 13. Bc2 b5 14. Qe3 Re8 15. Ng5 Bxg5 16. Bxg5 Qc7 17. Qh3 h6 18. Bxh6 gxh6 19. Qxh6 Nf8 20. Re3 Ne7 21. Rg3+ Nfg6 22. h4 Nf5 23. Bxf5 exf5 24. h5 Re6 25. Ne3 1-0

[Event "Dorset op"]
[Site "Weymouth"]
[Date "2007.10.07"]
[Round "5"]
[White "Bolt, Graham"]
[Black "House, Keith C"]
[Result "1-0"]
[WhiteElo "1992"]
[BlackElo "1872"]
[PlyCount "47"]
[EventDate "2007.10.05"]
[EventType "swiss"]
[EventRounds "5"]
[EventCountry "ENG"]
[SourceTitle "CBM 120 Extra"]
[Source "ChessBase"]
[SourceDate "2007.11.01"]
[SourceVersion "1"]
[SourceVersionDate "2007.11.01"]
[SourceQuality "1"]

1. e4 e5 2. Nf3 d6 3. d4 Nd7 4. c3 Be7 5. Bd3 Ngf6 6. 0-0 0-0 7. Nbd2 c6 8. Re1 Qc7 9. Nf1 Re8 10. Ng3 Nf8 11. h3 a5 12. Qc2 b5 13. a4 b4 14. cxb4 axb4 15. b3 Ba6 16. Bxa6 Rxa6 17. Nf5 Ng6 18. Nxe7+ Qxe7 19. dxe5 Nxe5 20. Nxe5 Qxe5 21. Bb2 Qe6 22. Bxf6 gxf6 23. Qc4 Rea8 24. Qxb4 1-0